| 000 | 00365nam a2200157Ia 4500 | ||
|---|---|---|---|
| 008 | 210210b1931 xxu||||| |||| 00| 0 eng d | ||
| 041 | _aeng | ||
| 082 | _a330/310 | ||
| 100 | _aO'BRIEN (G) | ||
| 245 | _aLabour organization | ||
| 260 |
_aLondon _bMethuen & co ltd _c1931 |
||
| 650 | _aorganization | ||
| 650 | _aLabour | ||
| 690 | _aEconomics | ||
| 906 | _a003713 | ||
| 999 |
_c120264 _d120264 |
||